[Event "Deutsche Ländermeisterschaft 2013"]
[Site "Hannover GER"]
[Date "2013.10.04"]
[Round "4"]
[White "Schmalhorst, Sophia"]
[Black "Wachinger, David"]
[Result "0-1"]
[Termination "normal"]
[Board "6.5"]
[WhiteTitle "18w"]
[BlackTitle "16"]
[WhiteElo "1945"]
[BlackElo "1792"]
[WhiteTeam "Hessen"]
[BlackTeam "Bremen"]
[WhiteFideId "24682497"]
[BlackFideId "24692689"]
[EventCountry "GER"]
[EventRounds "7"]
[EventType "team-swiss"]
[EventDate "2013.10.02"]

1. e4 e5 2. Nf3 Nf6 3. Nc3 Bb4 4. a3 Bxc3 5. dxc3 d6 6. Bc4 Bg4 7. h3 Bh5 8.
Qe2 h6 9. g4 Bg6 10. Nd2 Nbd7 11. f3 Qe7 12. Nf1 Nb6 13. Ba2 d5 14. Ng3 O-O-O
15. Bd2 Rd7 16. O-O-O Rhd8 17. Rhe1 dxe4 18. fxe4 Kb8 19. Nf5 Bxf5 20. gxf5 Nc8
21. Rg1 Rg8 22. Bc4 Nd6 23. Bd3 Qf8 24. Rdf1 g6 25. fxg6 fxg6 26. h4 Rf7 27.
Qe3 h5 28. Rg5 Ng4 29. Rxf7 Nxf7 30. Rxg4 hxg4 31. Qg3 Qd6 32. Qxg4 Rh8 33. Qf3
Qe7 34. Be1 a6 35. Kb1 Rf8 36. Bg3 Nh6 37. Qe3 Ng4 38. Qe2 Nf6 39. Qh2 Re8 40.
Be1 Nh5 41. Bd2 Rf8 42. Bg5 Qe6 43. Bh6 Rf7 44. b3 Qd6 45. Kb2 Nf4 46. Bc4 Rh7
47. Bg5 Ne6 48. Bf6 Nf4 49. Bg5 Rd7 50. Qg3 b5 51. Bf1 Rf7 52. Bh6 Qd1 53. Bg2
Nxg2 54. Qxg2 Rf1 0-1

[Event "Deutsche Ländermeisterschaft 2013"]
[Site "Hannover GER"]
[Date "2013.10.04"]
[Round "4"]
[White "Erofeev, Anastasia"]
[Black "Schirra, Maurice"]
[Result "1-0"]
[Termination "normal"]
[Board "6.6"]
[WhiteTitle "20w"]
[BlackTitle "12"]
[WhiteElo "1763"]
[BlackElo "1662"]
[WhiteTeam "Bremen"]
[BlackTeam "Hessen"]
[WhiteFideId "12917915"]
[BlackFideId "12941115"]
[EventCountry "GER"]
[EventRounds "7"]
[EventType "team-swiss"]
[EventDate "2013.10.02"]

1. e4 e5 2. Nf3 Nf6 3. Nc3 Nc6 4. d4 exd4 5. Nxd4 Bb4 6. Nxc6 bxc6 7. Bd3 d5 8.
exd5 cxd5 9. O-O O-O 10. h3 c6 11. Bg5 h6 12. Bh4 Be7 13. Qf3 Ne8 14. Bg3 Bd6
15. Ne2 Bxg3 16. Nxg3 Qf6 17. Nf5 Nd6 18. Nxd6 Qxd6 19. c4 Be6 20. Rac1 Rac8
21. Rfd1 Qb4 22. b3 Qb6 23. cxd5 cxd5 24. Bf5 Rxc1 25. Rxc1 Rd8 26. Bd3 Qa5 27.
Rc2 Qe1+ 28. Kh2 Qe5+ 29. Qg3 Qxg3+ 30. Kxg3 Rc8 31. Rxc8+ Bxc8 32. Kf4 f6 33.
Ke3 Kf7 34. Kd4 Ke6 35. Bh7 Kd6 36. Bg8 Bb7 37. b4 a6 38. g3 Ba8 39. f4 Bb7 40.
h4 Bc6 41. a3 Ba8 42. a4 Bc6 43. a5 Bb7 44. f5 Ba8 45. Bf7 Bc6 46. Be6 Bb7 47.
Bg8 Ba8 48. Bf7 Bc6 49. Bh5 Bb5 50. Bd1 Kc6 51. Bb3 Kd6 52. Bxd5 Bd7 53. Bc4
Bc8 54. Bd3 Bb7 55. b5 axb5 56. Bxb5 Ba8 57. Bd3 Bc6 58. a6 Kc7 59. Be4 Bxe4
60. Kxe4 Kb6 61. Kd5 Kxa6 62. Ke6 Kb6 63. Kf7 Kc6 64. Kxg7 Kd6 65. Kxf6 Kd7 66.
Kg7 Ke7 1-0

[Event "Deutsche Ländermeisterschaft 2013"]
[Site "Hannover GER"]
[Date "2013.10.04"]
[Round "4"]
[White "Sinnhöfer, Lilian"]
[Black "Reinecke, Katharina"]
[Result "1-0"]
[Termination "normal"]
[Board "6.8"]
[WhiteTitle "12w"]
[BlackTitle "12w"]
[WhiteElo "972"]
[BlackElo "1597"]
[WhiteTeam "Bremen"]
[BlackTeam "Hessen"]
[WhiteFideId "12977586"]
[BlackFideId "12929727"]
[EventCountry "GER"]
[EventRounds "7"]
[EventType "team-swiss"]
[EventDate "2013.10.02"]

1. e4 c6 2. d4 d5 3. Nc3 dxe4 4. Nxe4 Bf5 5. Nc3 Nf6 6. Nf3 e6 7. Bg5 Be7 8.
Bd3 Bxd3 9. Qxd3 Nbd7 10. Ne5 Nb6 11. O-O-O Qc7 12. Rhe1 h6 13. Bh4 Nbd5 14.
Nxd5 cxd5 15. Qb5+ Nd7 16. Nxd7 Qxd7 17. Qxd7+ Kxd7 18. Bxe7 Kxe7 19. Rd3 Rhc8
20. Rb3 Rc7 21. Ree3 Rac8 22. c3 b6 23. Rg3 g6 24. Rh3 h5 25. f3 Rc4 26. Kb1
Kd6 27. Rh4 Rh8 28. g4 Rcc8 29. g5 Rhf8 30. f4 f6 31. Ra3 Rc7 32. Rh3 fxg5 33.
fxg5 a5 34. b4 Ra7 35. bxa5 Rxa5 36. Rxa5 bxa5 37. Kb2 Rf2+ 38. Kb3 Rg2 39. a3
Rxg5 40. Ka4 e5 41. Kxa5 Kc6 42. a4 e4 43. Kb4 Rf5 44. Rg3 Rf6 45. a5 Re6 46.
c4 dxc4 47. Kxc4 e3 48. d5+ Kd6 49. dxe6 Kxe6 50. Rxe3+ Kf5 1-0

[Event "Deutsche Ländermeisterschaft 2013"]
[Site "Hannover GER"]
[Date "2013.10.04"]
[Round "4"]
[White "Kugler, Florian"]
[Black "Bräuer, Franz"]
[Result "1/2-1/2"]
[Termination "normal"]
[Board "7.1"]
[WhiteTitle "20"]
[BlackTitle "20"]
[WhiteElo "2236"]
[BlackElo "2282"]
[WhiteTeam "Hamburg"]
[BlackTeam "Thüringen"]
[WhiteFideId "4633300"]
[BlackFideId "24634468"]
[EventCountry "GER"]
[EventRounds "7"]
[EventType "team-swiss"]
[EventDate "2013.10.02"]

1. d4 Nf6 2. c4 e6 3. Nf3 b6 4. g3 Ba6 5. Qa4 Be7 6. Bg2 O-O 7. Ne5 c6 8. O-O
Qe8 9. Qc2 d6 10. Nd3 d5 11. b3 Nbd7 12. Bb2 Rc8 13. Nd2 c5 14. e4 dxc4 15.
bxc4 cxd4 16. e5 Nd5 17. Bxd4 Nc5 18. Bxc5 Bxc5 19. Qb3 Ne7 20. Rac1 Nf5 21.
Ne4 Be7 $11 22. Rfd1 Rc7 23. Nb4 Bxb4 24. Qxb4 Qb8 25. Nd6 Rc5 26. Nxf5 exf5
27. f4 Qc7 28. Bd5 Bc8 29. Rd4 h6 30. Rcd1 Kh8 31. Qb3 Rd8 32. Qf3 b5 33. cxb5
Rxb5 34. Qe3 Bb7 35. Bxb7 Rxd4 36. Qxd4 Rxb7 $11 37. Qd8+ Qxd8 38. Rxd8+ Kh7
39. Rd2 g5 40. Kf2 Kg7 41. Rc2 Rb6 42. Ke3 Ra6 43. Rd2 Ra4 44. Kf3 1/2-1/2

[Event "Deutsche Ländermeisterschaft 2013"]
[Site "Hannover GER"]
[Date "2013.10.04"]
[Round "4"]
[White "Hoffmann, Tim"]
[Black "Kramer, Julian"]
[Result "0-1"]
[Termination "normal"]
[Board "7.2"]
[WhiteTitle "16"]
[BlackTitle "16"]
[WhiteElo "1943"]
[BlackElo "2137"]
[WhiteTeam "Thüringen"]
[BlackTeam "Hamburg"]
[WhiteFideId "12900338"]
[BlackFideId "12921742"]
[EventCountry "GER"]
[EventRounds "7"]
[EventType "team-swiss"]
[EventDate "2013.10.02"]

1. e4 c5 2. Nf3 d6 3. d4 cxd4 4. Nxd4 Nf6 5. Nc3 a6 6. Be2 e5 7. Nb3 Be7 8. Be3
Be6 9. Nd5 Nbd7 10. Qd3 Bxd5 11. exd5 O-O 12. g4 e4 13. Qd2 Ne5 14. Rg1 Qd7 15.
g5 Nfg4 16. Bf4 f6 17. gxf6 Rxf6 18. Bxg4 Nxg4 19. Nd4 Raf8 20. Ne6 Rxf4 21.
O-O-O Rxf2 22. Qb4 Rc8 23. c3 a5 24. Qxa5 Ne3 25. Rxg7+ Kh8 26. Rd4 Rf1+ 27.
Kd2 Nf5 28. Rxe7 e3+ 29. Kd3 Qxe7 30. Rc4 Rd1+ 31. Kc2 Rd2+ 32. Kb3 Rg8 33. Re4
b6 34. Qb4 Rgg2 0-1

[Event "Deutsche Ländermeisterschaft 2013"]
[Site "Hannover GER"]
[Date "2013.10.04"]
[Round "4"]
[White "Hinrichs, Lars"]
[Black "Zahn, Alina"]
[Result "1/2-1/2"]
[Termination "normal"]
[Board "7.3"]
[WhiteTitle "16"]
[BlackTitle "16w"]
[WhiteElo "2037"]
[BlackElo "1985"]
[WhiteTeam "Hamburg"]
[BlackTeam "Thüringen"]
[WhiteFideId "12921769"]
[BlackFideId "24696730"]
[EventCountry "GER"]
[EventRounds "7"]
[EventType "team-swiss"]
[EventDate "2013.10.02"]

1. e4 e5 2. Nf3 Nc6 3. d4 exd4 4. Nxd4 Bc5 5. Nxc6 Qf6 6. Qf3 Qxc6 7. Nc3 Nf6
8. Bd3 O-O 9. O-O a6 10. Qg3 d6 11. Bh6 Ng4 12. Nd5 Kh8 13. Bxg7+ Kxg7 14. Ne7
Qb6 15. Nxc8 Bxf2+ 16. Kh1 Bxg3 17. Nxb6 cxb6 18. hxg3 Ne5 19. Rad1 Rac8 20. c3
Rce8 21. Be2 Re6 22. Rf4 Rd8 23. Kh2 Ng6 24. Rg4 b5 25. Bf3 Kf8 26. Rg5 Ne5 27.
Rd2 Ke7 28. Rh5 h6 29. Kg1 Rg8 30. Kf2 Reg6 31. Rh3 Rf6 32. Rh4 Rfg6 33. Rh3
Rf6 34. Rh4 Rfg6 1/2-1/2

[Event "Deutsche Ländermeisterschaft 2013"]
[Site "Hannover GER"]
[Date "2013.10.04"]
[Round "4"]
[White "Nguyen, Huy Dat"]
[Black "Rogozenco, Teodora"]
[Result "1-0"]
[Termination "normal"]
[Board "7.4"]
[WhiteTitle "14"]
[BlackTitle "14w"]
[WhiteElo "1871"]
[BlackElo "1884"]
[WhiteTeam "Thüringen"]
[BlackTeam "Hamburg"]
[WhiteFideId "12923486"]
[BlackFideId "12938084"]
[EventCountry "GER"]
[EventRounds "7"]
[EventType "team-swiss"]
[EventDate "2013.10.02"]

1. e4 c5 2. Nf3 e6 3. d4 cxd4 4. Nxd4 Nf6 5. Nc3 Nc6 6. Ndb5 Bb4 7. a3 Bxc3+ 8.
Nxc3 d5 9. exd5 exd5 10. Bd3 O-O 11. O-O h6 12. h3 Re8 13. Bf4 d4 14. Ne2 Qd5
15. Ng3 h5 16. Re1 Bd7 17. Qd2 h4 18. Nf1 Ne5 19. Bxe5 Rxe5 20. Rxe5 Qxe5 21.
Re1 Qd5 22. Qf4 Bc6 23. f3 Qh5 24. Re5 Qh6 25. Qxd4 Nd7 26. Re1 Qg5 27. Qe3 Qf6
28. b3 Nb6 29. Qe5 Qh6 30. Ne3 f6 31. Qe6+ Kh8 32. Ng4 Qf4 33. Qf5 Qxf5 34.
Bxf5 Re8 35. Rxe8+ Bxe8 36. Be4 Bc6 37. Bxc6 bxc6 38. Kf2 Kg8 39. Ne3 Kf7 40.
Ke2 Ke6 41. f4 g5 42. fxg5 fxg5 43. Kf3 Nc8 44. Kg4 Kf6 45. Nc4 Ne7 46. Nd6 Nd5
47. Ne4+ Kg6 48. Nxg5 Ne3+ 49. Kxh4 Nxg2+ 50. Kg3 Ne3 51. Nf3 Nxc2 52. Ne5+ Kh5
53. Nxc6 Nxa3 54. Nxa7 Nc2 55. Nc6 Ne3 56. b4 Nf5+ 57. Kh2 Nd6 58. Nd4 Kg5 59.
Kg3 Ne4+ 60. Kf3 Nd2+ 61. Kg2 Nc4 62. Kg3 Nb6 63. h4+ Kh5 64. b5 Nc4 65. Ne6
Kh6 66. Nf4 Nb6 67. Kg4 Nd7 68. Nd5 Kg6 69. h5+ Kf7 70. Kf5 Kg7 71. Kg5 Kf7 72.
h6 Nc5 73. Kf5 Nb7 74. b6 Nd6+ 75. Kg5 Ne4+ 76. Kh5 Nd6 77. Ne3 Kf6 78. h7 1-0

[Event "Deutsche Ländermeisterschaft 2013"]
[Site "Hannover GER"]
[Date "2013.10.04"]
[Round "4"]
[White "Krüger, David"]
[Black "Scheftlein, Richard"]
[Result "1/2-1/2"]
[Termination "normal"]
[Board "7.5"]
[WhiteTitle "14"]
[BlackTitle "16"]
[WhiteElo "1796"]
[BlackElo "1915"]
[WhiteTeam "Hamburg"]
[BlackTeam "Thüringen"]
[WhiteFideId "12921858"]
[BlackFideId "12945609"]
[EventCountry "GER"]
[EventRounds "7"]
[EventType "team-swiss"]
[EventDate "2013.10.02"]

1. e4 c6 2. d4 d5 3. Nc3 dxe4 4. Nxe4 Nd7 5. Nf3 Ngf6 6. Bd3 e6 7. Neg5 Bd6 8.
Qe2 h6 9. Nh3 Qc7 10. Bd2 b6 11. Nh4 Bb7 12. Nf5 c5 13. O-O cxd4 14. Nxd6+ Qxd6
15. Rad1 O-O 16. c3 Nc5 17. cxd4 Nxd3 18. Qxd3 Be4 19. Qb3 Qd5 20. Qa3 Qb7 21.
f3 Bc2 22. Rc1 Rac8 23. Nf4 Qd7 24. Bc3 Qa4 25. Qd6 Rfd8 26. Qe5 Bh7 27. a3 Nd7
28. Qh5 Nf6 29. Qh4 Nd5 30. Nxd5 Rxd5 31. f4 Qb5 32. Rce1 a5 33. Rf3 Qd7 34.
Rg3 Bg6 35. Rge3 Qd8 36. Qf2 b5 37. g4 Kh7 38. Re5 b4 39. axb4 axb4 40. Rxd5
Qxd5 41. Bxb4 Rc2 42. Bd2 Rxb2 43. Qe3 1/2-1/2

[Event "Deutsche Ländermeisterschaft 2013"]
[Site "Hannover GER"]
[Date "2013.10.04"]
[Round "4"]
[White "Riedel, Erich"]
[Black "Brandt, Carina"]
[Result "1/2-1/2"]
[Termination "normal"]
[Board "7.6"]
[WhiteTitle "12"]
[BlackTitle "20w"]
[WhiteElo "1739"]
[BlackElo "1886"]
[WhiteTeam "Thüringen"]
[BlackTeam "Hamburg"]
[WhiteFideId "12958646"]
[BlackFideId "12917940"]
[EventCountry "GER"]
[EventRounds "7"]
[EventType "team-swiss"]
[EventDate "2013.10.02"]

1. e4 e6 2. d4 d5 3. exd5 exd5 4. Nc3 Bb4 5. Bd3 Nc6 6. Nge2 Be6 7. Bf4 g5 8.
Be3 f5 9. f3 h5 10. Qd2 f4 11. Bf2 h4 12. a3 Bxc3 13. Nxc3 Qf6 14. O-O-O O-O-O
15. Rde1 Nge7 16. Bb5 Bf7 17. Re2 h3 18. g3 fxg3 19. Bxg3 Qxf3 20. Rhe1 Rd7 21.
Qxg5 Rg8 22. Qd2 a6 23. Rf2 Qh5 24. Be2 Qh7 25. Ref1 Bh5 26. Bxh5 Qxh5 27. Rf8+
Rxf8 28. Rxf8+ Nd8 29. Qe2 Qxe2 30. Nxe2 Nec6 31. c3 Rh7 32. Nf4 Ne7 33. Ne6
Nec6 34. Bf4 Rf7 35. Rh8 Kd7 36. Nxd8 Rxf4 37. Nxc6 Rf1+ 38. Kc2 1/2-1/2

[Event "Deutsche Ländermeisterschaft 2013"]
[Site "Hannover GER"]
[Date "2013.10.04"]
[Round "4"]
[White "Meyling, Lennart"]
[Black "Ratay, Meike"]
[Result "1/2-1/2"]
[Termination "normal"]
[Board "7.7"]
[WhiteTitle "12"]
[BlackTitle "12w"]
[WhiteElo "1731"]
[BlackElo "1496"]
[WhiteTeam "Hamburg"]
[BlackTeam "Thüringen"]
[WhiteFideId "12947130"]
[BlackFideId "12977608"]
[EventCountry "GER"]
[EventRounds "7"]
[EventType "team-swiss"]
[EventDate "2013.10.02"]

1. e4 e5 2. Nf3 Nc6 3. d4 exd4 4. Bc4 Nf6 5. O-O Nxe4 6. Re1 d5 7. Bxd5 Qxd5 8.
Nc3 Qa5 9. Nxe4 Be6 10. Neg5 O-O-O 11. Nxe6 fxe6 12. Rxe6 Bd6 13. Bg5 Rde8 14.
Qe2 Kd7 15. Re1 Qxe1+ 16. Qxe1 Rxe6 17. Qd1 Rhe8 18. g4 h6 19. Bh4 g5 20. Bg3
Bxg3 21. hxg3 Kc8 22. Qd3 Rd6 23. Qf5+ Kb8 24. Qf7 Ree6 25. Kg2 Kc8 26. Qg8+
Kd7 27. Nd2 Re2 28. Nc4 Rf6 29. Qd5+ Ke7 30. Qc5+ Kf7 31. Qd5+ Kg7 32. Kg1
Rexf2 33. Ne5 Nxe5 34. Qxe5 Kg6 35. Qe8+ Kg7 36. Qd7+ Kg6 $11 37. Qxd4 Rf1+ 38.
Kg2 R6f2+ 39. Qxf2 Rxf2+ 40. Kxf2 Kf6 41. Ke3 Ke5 42. c3 c5 43. b3 b6 44. a4 a5
45. Kd2 Kd6 46. Ke3 Ke5 47. c4 Kd6 1/2-1/2

[Event "Deutsche Ländermeisterschaft 2013"]
[Site "Hannover GER"]
[Date "2013.10.04"]
[Round "4"]
[White "Nguyen, Ha Thanh"]
[Black "Münch, Michelle"]
[Result "1-0"]
[Termination "normal"]
[Board "7.8"]
[WhiteTitle "12w"]
[BlackTitle "12w"]
[WhiteElo "1550"]
[BlackElo "915"]
[WhiteTeam "Thüringen"]
[BlackTeam "Hamburg"]
[WhiteFideId "12942154"]
[EventCountry "GER"]
[EventRounds "7"]
[EventType "team-swiss"]
[EventDate "2013.10.02"]

1. e4 e5 2. Nf3 Nc6 3. Bc4 Bc5 4. c3 Nf6 5. d4 exd4 6. cxd4 Bb6 7. e5 Ne4 8.
O-O O-O 9. Bd5 Ne7 10. Bxe4 d5 11. exd6 cxd6 12. d5 Bf5 13. Bxf5 Nxf5 14. Nc3
Nh4 15. Nxh4 Qxh4 16. Qf3 Rfe8 17. Bf4 g5 18. Bxd6 g4 19. Qf4 Bd8 20. Ne4 Ba5
21. Nf6+ Kh8 22. Nxe8 Rxe8 23. Qxf7 Rg8 24. Be5+ Rg7 25. Qxg7# 1-0

[Event "Deutsche Ländermeisterschaft 2013"]
[Site "Hannover GER"]
[Date "2013.10.04"]
[Round "4"]
[White "Pixa, Richard"]
[Black "Kololli, Martin"]
[Result "1-0"]
[Termination "normal"]
[Board "8.1"]
[WhiteTitle "16"]
[BlackTitle "14"]
[WhiteElo "1929"]
[BlackElo "1988"]
[WhiteTeam "Berlin"]
[BlackTeam "Team Nord"]
[WhiteFideId "4626095"]
[BlackFideId "12936910"]
[EventCountry "GER"]
[EventRounds "7"]
[EventType "team-swiss"]
[EventDate "2013.10.02"]

1. d4 f5 2. g3 Nf6 3. Bg2 g6 4. Nf3 d6 5. O-O Bg7 6. Nbd2 O-O 7. Re1 Nc6 8. e4
fxe4 9. Nxe4 Nxe4 10. Rxe4 Bf5 11. Re1 Bg4 12. c3 Kh8 13. h3 Bd7 14. Bg5 Qc8
15. Bxe7 Nxe7 16. Rxe7 Bf6 17. Re3 Bxh3 18. Qb3 Bg4 19. Nh2 c6 20. Nxg4 Qxg4
21. Qxb7 Bg5 22. f4 Bf6 23. Qxc6 Rab8 24. Qxd6 g5 25. fxg5 Bxg5 26. Rf3 Rxf3
27. Qxb8+ Kg7 28. Bxf3 Qxf3 29. Qe5+ Kg6 30. Re1 Kh6 31. d5 Kg6 32. Qe4+ 1-0

[Event "Deutsche Ländermeisterschaft 2013"]
[Site "Hannover GER"]
[Date "2013.10.04"]
[Round "4"]
[White "Celmer, Ole"]
[Black "Greßmann, Moritz"]
[Result "0-1"]
[Termination "normal"]
[Board "8.2"]
[WhiteTitle "20"]
[BlackTitle "14"]
[WhiteElo "1908"]
[BlackElo "1889"]
[WhiteTeam "Team Nord"]
[BlackTeam "Berlin"]
[WhiteFideId "24657107"]
[BlackFideId "24695084"]
[EventCountry "GER"]
[EventRounds "7"]
[EventType "team-swiss"]
[EventDate "2013.10.02"]

1. e4 e5 2. Nf3 Nc6 3. Bc4 Nf6 4. d3 Bc5 5. c3 d6 6. Bb3 O-O 7. Nbd2 a6 8. h3
h6 9. Nf1 Nh5 10. g4 Nf4 11. Bxf4 exf4 12. d4 Bb6 13. Qd2 Qf6 14. O-O-O Na5 15.
Bc2 Be6 16. e5 dxe5 17. Nxe5 Bxa2 18. Nd7 Qc6 19. Nxf8 Qxh1 20. Nd7 Qc6 21. Ne5
Qb5 22. Qxf4 Nb3+ 23. Bxb3 Bxb3 24. Nd2 f6 25. Ng6 Bxd1 26. Kxd1 Qxb2 27. Qe3
Qa1+ 28. Ke2 Kf7 29. Nf4 Re8 30. Ne4 Ba5 0-1

[Event "Deutsche Ländermeisterschaft 2013"]
[Site "Hannover GER"]
[Date "2013.10.04"]
[Round "4"]
[White "Donath, Johann"]
[Black "Beeck, Mats"]
[Result "1-0"]
[Termination "normal"]
[Board "8.3"]
[WhiteTitle "16"]
[BlackTitle "16"]
[WhiteElo "1967"]
[BlackElo "1832"]
[WhiteTeam "Berlin"]
[BlackTeam "Team Nord"]
[WhiteFideId "24685160"]
[BlackFideId "12936944"]
[EventCountry "GER"]
[EventRounds "7"]
[EventType "team-swiss"]
[EventDate "2013.10.02"]

1. e4 c5 2. c3 d5 3. exd5 Qxd5 4. d4 Nc6 5. Nf3 Bf5 6. Be3 Nf6 7. c4 Qd7 8. Nc3
cxd4 9. Nxd4 Nxd4 10. Bxd4 e6 11. Be2 Rd8 12. Bxa7 Qc6 13. Qb3 Qxg2 14. Qb5+
Rd7 15. Rf1 Bd6 16. O-O-O O-O 17. Be3 Rfd8 18. c5 Be7 19. Qa4 Qc6 20. Rxd7 Nxd7
21. Qxc6 bxc6 22. Rd1 Nf6 23. Rxd8+ Bxd8 24. b4 Kf8 25. Bf3 Nd5 26. Nxd5 exd5
27. Kd2 Ke7 28. a4 Kd7 29. Kc3 Kc7 30. b5 cxb5 31. axb5 Be6 32. Bf4+ Kc8 33.
Kd4 Bd7 34. b6 Bh4 35. Kxd5 Bxf2 36. Kd6 1-0

[Event "Deutsche Ländermeisterschaft 2013"]
[Site "Hannover GER"]
[Date "2013.10.04"]
[Round "4"]
[White "Mieck, Jale"]
[Black "Leyrer, Thomas"]
[Result "1-0"]
[Termination "normal"]
[Board "8.4"]
[WhiteTitle "18"]
[BlackTitle "16"]
[WhiteElo "1678"]
[BlackElo "1769"]
[WhiteTeam "Team Nord"]
[BlackTeam "Berlin"]
[WhiteFideId "12936871"]
[BlackFideId "12908274"]
[EventCountry "GER"]
[EventRounds "7"]
[EventType "team-swiss"]
[EventDate "2013.10.02"]

1. e4 e6 2. d4 d5 3. Nc3 Nf6 4. Bg5 Bb4 5. exd5 exd5 6. Bd3 O-O 7. a3 Be7 8.
Nge2 c6 9. O-O Nbd7 10. Ng3 h6 11. Bf4 Re8 12. Nf5 b6 13. Ne2 c5 14. c3 Nh5 15.
Bd2 Bg5 16. Neg3 Bxd2 17. Nxh5 Bg5 18. Nhxg7 Nf8 19. Nxe8 Qxe8 20. Qf3 Bxf5 21.
Qxf5 Qe6 22. dxc5 bxc5 23. Qf3 Rb8 24. Rfe1 Qd6 25. Re2 Ne6 26. Qf5 Nf8 27.
Rae1 Qd7 28. Qf3 Rb6 29. Qg3 Kh8 30. Re8 1-0

[Event "Deutsche Ländermeisterschaft 2013"]
[Site "Hannover GER"]
[Date "2013.10.04"]
[Round "4"]
[White "Lagunow, Elina"]
[Black "Edel, Fenja"]
[Result "1-0"]
[Termination "normal"]
[Board "8.5"]
[WhiteTitle "16w"]
[BlackTitle "16w"]
[WhiteElo "1736"]
[BlackElo "1636"]
[WhiteTeam "Berlin"]
[BlackTeam "Team Nord"]
[WhiteFideId "4673387"]
[BlackFideId "24696749"]
[EventCountry "GER"]
[EventRounds "7"]
[EventType "team-swiss"]
[EventDate "2013.10.02"]

1. Nf3 d5 2. g3 Bg4 3. Bg2 Nd7 4. O-O e5 5. d3 Ngf6 6. c4 c6 7. h3 Bxf3 8. Bxf3
Bc5 9. Nc3 Nb6 10. Qb3 O-O 11. Bg5 d4 12. Ne4 Be7 13. Bxf6 Bxf6 14. Nxf6+ Qxf6
15. c5 Nd7 16. Qxb7 Nxc5 17. Qxc6 Qxc6 18. Bxc6 Rac8 19. Bg2 Na4 20. b3 Nc3 21.
Bf3 f5 22. b4 e4 23. dxe4 fxe4 24. Bg4 Rcd8 25. Rac1 Nxa2 26. Be6+ Kh8 27. Bxa2
Rfe8 28. Rfd1 d3 29. exd3 exd3 30. Bc4 d2 31. Rb1 Re7 32. Kf1 Rc7 33. Bb3 Rb7
34. Be6 Re7 35. Bg4 Rc7 36. Rb2 Rc1 37. Rbxd2 Rxd1+ 38. Rxd1 Rxd1+ 39. Bxd1 Kg8
40. Ke2 Kf7 41. Ke3 Kf6 42. f4 Ke6 43. Kd4 Kd6 44. Bf3 Kd7 45. g4 Kd6 46. f5
Kd7 47. Kd5 h6 48. h4 Kd8 49. g5 hxg5 50. hxg5 Kd7 51. f6 gxf6 52. gxf6 1-0

[Event "Deutsche Ländermeisterschaft 2013"]
[Site "Hannover GER"]
[Date "2013.10.04"]
[Round "4"]
[White "Biastoch, Bennet"]
[Black "Schnabel, Bennett"]
[Result "1-0"]
[Termination "normal"]
[Board "8.6"]
[WhiteTitle "12"]
[BlackTitle "12"]
[WhiteElo "1643"]
[BlackElo "1713"]
[WhiteTeam "Team Nord"]
[BlackTeam "Berlin"]
[WhiteFideId "12939889"]
[BlackFideId "12943290"]
[EventCountry "GER"]
[EventRounds "7"]
[EventType "team-swiss"]
[EventDate "2013.10.02"]

1. e4 c5 2. Nf3 g6 3. d4 cxd4 4. Nxd4 Bg7 5. Nc3 Nc6 6. Be3 Nf6 7. Bc4 Qa5 8.
O-O O-O 9. Bb3 d6 10. h3 Bd7 11. f4 a6 12. Qf3 Nxd4 13. Bxd4 Bc6 14. Qe3 Nd7
15. Bxg7 Kxg7 16. Kh1 Qc5 17. Qg3 Nf6 18. Rae1 Rad8 19. f5 d5 20. e5 Ne8 21.
f6+ exf6 22. Qh4 h5 23. exf6+ Kh7 24. Re5 Rh8 25. Rg5 b5 26. Rff5 Kg8 27. Rf1
Kf8 28. Qe1 Nc7 29. Ne4 Qb6 30. Ng3 Ne6 31. Re5 a5 32. a3 Qc7 33. Ba2 Rd6 34.
Bb1 Ke8 35. c4 Kd7 36. c5 d4 37. cxd6 Qxd6 38. Be4 Rc8 39. Bxc6+ Rxc6 40. Rxb5
d3 41. Ne4 Qc7 42. Rd5+ Kc8 43. Rxd3 Nc5 44. Nxc5 Rxc5 45. Rc3 Kb7 46. Rxc5
Qxc5 47. Qe7+ 1-0

[Event "Deutsche Ländermeisterschaft 2013"]
[Site "Hannover GER"]
[Date "2013.10.04"]
[Round "4"]
[White "Greßmann, Hanna"]
[Black "Sauer, Annika"]
[Result "1-0"]
[Termination "normal"]
[Board "8.7"]
[WhiteTitle "16w"]
[BlackTitle "14w"]
[WhiteElo "1529"]
[BlackElo "1526"]
[WhiteTeam "Berlin"]
[BlackTeam "Team Nord"]
[WhiteFideId "12930709"]
[BlackFideId "12952052"]
[EventCountry "GER"]
[EventRounds "7"]
[EventType "team-swiss"]
[EventDate "2013.10.02"]

1. e4 d5 2. exd5 Qxd5 3. Nc3 Qa5 4. d4 Bf5 5. Bc4 c6 6. Bd2 e6 7. Nge2 Bd6 8.
Bb3 Qc7 9. Ng3 Ne7 10. Qe2 Nd7 11. O-O-O O-O-O 12. Nce4 Bf4 13. Bxf4 Qxf4+ 14.
Kb1 Nb6 15. Nxf5 Nxf5 16. c3 Rhe8 17. Nc5 Nd5 18. g3 Qc7 19. Rhe1 Qe7 20. Qg4
Qf6 21. Ne4 Qg6 22. Qxg6 hxg6 23. Ng5 Nd6 24. c4 Nc7 25. c5 Nf5 26. Nxf7 Rxd4
27. Rxd4 Nxd4 28. Nd6+ Kd7 29. Nxe8 Kxe8 30. Bc2 Kf7 31. Rd1 e5 32. f4 Nde6 33.
fxe5 Nxc5 34. Rf1+ Ke6 35. Bxg6 Kxe5 36. h4 N7e6 37. Bf7 Ne4 38. Re1 N6c5 39.
Bg6 a5 40. Kc2 Kd4 41. Bxe4 Nxe4 42. Rd1+ Kc4 43. Rd7 Nxg3 44. Rxg7 Nf5 45.
Rg4+ Kd5 46. Kd3 b6 47. h5 Ne7 48. h6 1-0

[Event "Deutsche Ländermeisterschaft 2013"]
[Site "Hannover GER"]
[Date "2013.10.04"]
[Round "4"]
[White "Schreiber, Kevin"]
[Black "Frischmann, Rick"]
[Result "0-1"]
[Termination "normal"]
[Board "9.1"]
[WhiteTitle "18"]
[BlackTitle "20"]
[WhiteElo "1914"]
[BlackElo "2230"]
[WhiteTeam "Mecklenburg-Vorpommern"]
[BlackTeam "Saarland"]
[WhiteFideId "24655830"]
[BlackFideId "24660752"]
[EventCountry "GER"]
[EventRounds "7"]
[EventType "team-swiss"]
[EventDate "2013.10.02"]

1. d4 d5 2. Nf3 Nc6 3. b3 Bg4 4. Ba3 Bxf3 5. exf3 g6 6. Bb5 Qd7 7. c3 a6 8. Bd3
e5 9. Bxf8 Kxf8 10. dxe5 Nxe5 11. Bc2 c5 12. O-O Kg7 13. f4 Nc6 14. Nd2 Nf6 15.
Nf3 Rhe8 16. Re1 Rxe1+ 17. Qxe1 d4 18. Ne5 Qe8 19. b4 cxb4 20. cxb4 Nd5 21.
Nxc6 Qxe1+ 22. Rxe1 bxc6 23. Be4 Re8 24. Kf1 Nxb4 25. a3 Nd5 26. Bxd5 Rxe1+ 27.
Kxe1 cxd5 28. Ke2 Kf6 29. Kd3 Ke6 30. Kxd4 Kd6 31. g4 a5 32. a4 Kc6 33. f3 Kd6
34. f5 gxf5 35. g5 f4 36. h3 Kc6 37. h4 Kd6 38. h5 Ke6 0-1

[Event "Deutsche Ländermeisterschaft 2013"]
[Site "Hannover GER"]
[Date "2013.10.04"]
[Round "4"]
[White "Grewenig, Jan"]
[Black "Ispirjan, Mikael"]
[Result "1-0"]
[Termination "normal"]
[Board "9.2"]
[WhiteTitle "18"]
[BlackTitle "18"]
[WhiteElo "2025"]
[BlackElo "1964"]
[WhiteTeam "Saarland"]
[BlackTeam "Mecklenburg-Vorpommern"]
[WhiteFideId "4657330"]
[BlackFideId "1271217"]
[EventCountry "GER"]
[EventRounds "7"]
[EventType "team-swiss"]
[EventDate "2013.10.02"]

1. e4 c6 2. Bc4 d5 3. Bb3 Nf6 4. exd5 cxd5 5. d4 Nc6 6. Nf3 Bg4 7. O-O e6 8. c3
Be7 9. Nbd2 O-O 10. Qe1 Bf5 11. Qe2 Qc7 12. Re1 Nh5 13. Nf1 Nf4 14. Bxf4 Qxf4
15. Bc2 Bxc2 16. Qxc2 b5 17. b4 Rfc8 18. Qd3 Bxb4 19. cxb4 Nxb4 20. Qe3 Qb8 21.
Ng3 Nc2 22. Qg5 h6 23. Qg4 Nxa1 24. Nh5 g6 25. Ne5 Nc2 26. Nxf7 Nxd4 27. Qxg6+
Kf8 28. Qg7+ Ke7 29. Qxd4 Rc6 30. Qf6+ Kd7 31. Ne5+ Qxe5 32. Qxe5 1-0